Champions League Topscorer 2000/01 - Statistiken

Allgemein
  • Dieses Quiz wurde 13 mal gespielt
  • Das Durchschnittsergebnis liegt bei 8 aus 21
Antwortstatistiken
Rang Nation Verein Tore Antwort % Korrekt
2 Brasilien Bayern München 6 Giovanne Elber
100%
1 Spanien Real Madrid 7 Raul
100%
9 Portugal Real Madrid 5 Luis Figo
83%
9 Ukraine AC Milan 5 Andriy Shevchenko
75%
2 Brasilien Barcelona 6 Rivaldo
67%
9 England Manchester United 5 Teddy Sheringham
67%
2 England Manchester United 6 Paul Scholes
58%
9 Italien Juventus 5 Filippo Inzaghi
50%
9 Deutschland Bayern München 5 Mehmet Scholl
50%
2 Brasilien Galatasaray 6 Jardel
42%
2 Italien AS Monaco 6 Marco Simone
25%
2 Spanien Real Madrid 6 Ivan Helguera
17%
9 England Leeds United 5 Alan Smith
8%
9 Spanien Valencia 5 Juan Sanchez
8%
9 Frankreich Paris Saint-Germain 5 Nicolas Anelka
8%
9 Uruguay Dep. La Coruna 5 Walter Pandiani
8%
9 Brasilien Paris Saint-Germain 5 Christian
0%
9 Argentinien Lazio 5 Claudio Lopez
0%
9 Norwegen Rosenborg 5 Frode Johnsen
0%
2 England Leeds United 6 Lee Bowyer
0%
9 Kanada Anderlecht 5 Tomasz Radzinski
0%
Keine übereinstimmenden Quizze gefunden
Verteilung der Resultate
Anzahl Personen mit jedem Resultat
Perzentil nach korrekt beantworteten Fragen
Ihre Resultats-Entwicklung
Sie haben dieses Quiz noch nicht gespielt